Einleitendes zum Thema Sprache, Politik und Wahlkampf
Autori predstavujú ideologické využívanie jazykov jednotlivých skupín a približujú zároveň aj ich svetonázor a pohľad na svet. Cieľom je predovšetkým poukázať na spoločné znaky, rozdiely a osobitosti v používaní jazykov skúmaných skupín.
Salvato in:
| Autore principale: | |
|---|---|
| Natura: | Capitolo di libro |
| Lingua: | tedesco |
| Soggetti: | |
| Tags: |
Nessun Tag, puoi essere il primo ad aggiungerne!!
|
MARC
| LEADER | 00000naa$a2200000$$$4500 | ||
|---|---|---|---|
| 001 | 0246389 | ||
| 005 | 20250310085954.0 | ||
| 041 | 0 | |a ger | |
| 044 | |a DE | ||
| 245 | 1 | 0 | |a Einleitendes zum Thema Sprache, Politik und Wahlkampf |
| 520 | |a Autori predstavujú ideologické využívanie jazykov jednotlivých skupín a približujú zároveň aj ich svetonázor a pohľad na svet. Cieľom je predovšetkým poukázať na spoločné znaky, rozdiely a osobitosti v používaní jazykov skúmaných skupín. | ||
| 610 | 2 | 0 | |a jazykoveda |
| 610 | 2 | 0 | |a jazyky cudzie |
| 610 | 2 | 0 | |a extrémizmus |
| 610 | 2 | 0 | |a populizmus |
| 610 | 2 | 0 | |a voľby |
| 610 | 2 | 0 | |a kampane volebné |
| 610 | 2 | 0 | |a referendum |
| 100 | 1 | |a Štefančík, Radoslav, 1976- | |